000 00824nam a2200289Ia 4500
005 20260324115836.0
008 008 260324s9999 xx 000 0 eng d
020 _a9781315373843
037 _aEBOOK
040 _aCRL
040 _beng
040 _cCRL
041 _2eng
041 _aeng
084 _qCRL
100 _aCharles Protzman; Christopher Lewandowski; Fred Whiton; Joyce Kerpchar; Steve Stenberg; Patrick Grounds
_91156214
245 4 _aThe Lean Practitioner's Field Book
245 0 _bProven, Practical, Profitable and Powerful Techniques for Making Lean Really Work
260 _bTaylor and Francis
260 _c2016
365 _a
365 _b135
856 _uhttp://www.taylorfrancis.com/books/9781315373843
942 _cEBOOK
999 _c1747391
_d1747391